MARC details
| 000 -LEADER |
| campo de control de longitud fija |
01557nam a2200385 4500 |
| 001 - NÚMERO DE CONTROL |
| campo de control |
85852 |
| 003 - IDENTIFICADOR DE NÚMERO DE CONTROL |
| campo de control |
SpMaBN |
| 005 - FECHA Y HORA DE LA ÚLTIMA TRANSACCIÓN |
| campo de control |
20260429152922.0 |
| 008 - DATOS DE LONGITUD FIJA--INFORMACIÓN GENERAL |
| campo de control de longitud fija |
260429s1998 sp | ||| ||spa |
| 016 7# - NÚMERO DE CONTROL DE UNA AGENCIA BIBLIOGRÁFICA NACIONAL |
| Número de control del registro |
bimoBNE19993517073 |
| Fuente |
SpMaBN |
| 017 ## - NÚMERO DE COPYRIGHT O DE DEPÓSITO LEGAL |
| Número de copyright o de depósito legal |
Z 2495-1998 |
| Agencia que asigna |
Oficina Depósito Legal Zaragoza |
| 020 ## - NÚMERO INTERNACIONAL ESTÁNDAR DEL LIBRO |
| Número Internacional Estándar del Libro |
8483240440 |
| 035 ## - NÚMERO DE CONTROL DEL SISTEMA |
| Número de control de sistema |
(OCoLC)733437600 |
| 035 ## - NÚMERO DE CONTROL DEL SISTEMA |
| Número de control de sistema |
(SpMaBN)bimo0001101908 |
| 040 ## - FUENTE DE CATALOGACIÓN |
| Centro catalogador/agencia de origen |
SpMaBN |
| Lengua de catalogación |
spa |
| Centro/agencia transcriptor |
SpMaBN |
| Normas de descripción |
rdc |
| Centro/agencia modificador |
M-RABA |
| 041 1# - CÓDIGO DE IDIOMA |
| Código de lengua del texto/banda sonora o título independiente |
spa |
| -- |
ita |
| 080 ## - NÚMERO DE LA CLASIFICACIÓN DECIMAL UNIVERSAL |
| Número de la Clasificación Decimal Universal |
75 Montañés, Bernardino (064.3) |
| 080 ## - NÚMERO DE LA CLASIFICACIÓN DECIMAL UNIVERSAL |
| Número de la Clasificación Decimal Universal |
913.77 Pompeya (0:75)(064.3) |
| 100 1# - ENTRADA PRINCIPAL--NOMBRE DE PERSONA |
| Nombre de persona |
Montañés, Bernardino |
| 9 (RLIN) |
25667 |
| 240 10 - TÍTULO UNIFORME |
| Título uniforme |
Álbum de Pompeya de Bernardino Montañés, 1849 |
| 245 10 - MENCIÓN DEL TÍTULO |
| Título |
Álbum de Pompeya de Bernardino Montañés, 1849 |
| Resto del título |
Museo Archeologico Nazionale, Napoli, septiembre-diciembre, 1998 = Album di Pompei di Bernardino Montañés, 1849 : Museo Archeologico Nazionale, Napoli, settembre-dicembre, 1998 |
| 260 ## - PUBLICACIÓN, DISTRIBUCIÓN, ETC. |
| Lugar de publicación, distribución, etc. |
[Zaragoza] |
| Nombre del editor, distribuidor, etc. |
: Ibercaja |
| Fecha de publicación, distribución, etc. |
, [1998] |
| 300 ## - DESCRIPCIÓN FÍSICA |
| Extensión |
72 p. |
| Dimensiones |
; 21 x 30 cm |
| 546 ## - NOTA DE IDIOMA |
| Nota de lengua/lenguaje |
Texto en italiano y en español. |
| 594 ## - NOTA AL TÍT. Y MENCIÓN DE RESPONSABILIDAD |
| Nota general |
Texto en español e italiano |
| 651 #7 - PUNTO DE ACCESO ADICIONAL DE MATERIA--NOMBRE GEOGRÁFICO |
| Nombre geográfico |
Pompeya (Ciudad desaparecida) |
| 9 (RLIN) |
75410 |
| 655 #4 - TERMINO DE INDIZACIÓN--GENERO/FORMA |
| Datos o término principal de género/forma |
Catálogos de exposiciones |
| 9 (RLIN) |
45336 |
| 710 2# - ENTRADA AGREGADA--NOMBRE DE ENTIDAD CORPORATIVA |
| Nombre de entidad corporativa o nombre de jurisdicción como elemento de entrada |
Museo archeologico nazionale di Napoli |
| 9 (RLIN) |
72108 |
| 852 ## - LOCALIZACIÓN |
| Número de control de estantería |
F-16121 |
| 942 ## - ELEMENTOS DE ENTRADA SECUNDARIOS (KOHA) |
| Tipo de ítem Koha |
Fondo moderno |
| Suprimir en OPAC |
No |
| 956 ## - LOCALIZACIÓN Y ACCESO ELECTRÓNICOS LOCAL (OCLC) |
| Nombre del host |
2 |
| 980 ## - EQUIVALENCIA O REFERENCIA-CRUZADA-MENCIÓN DE SERIE--NOMBRE DE PERSONA/TÍTULO [LOCAL, CANADÁ] |
| Nombre de persona |
Z 2495-1998 |
| -- |
84-8324-044-0 |
| -- |
SpMaBN |
| Numeración |
BNALCALA |
| Calificador de atribución |
10/119752 |
| Títulos y otros términos asociados al nombre |
SG_PETANTI |
| 980 ## - EQUIVALENCIA O REFERENCIA-CRUZADA-MENCIÓN DE SERIE--NOMBRE DE PERSONA/TÍTULO [LOCAL, CANADÁ] |
| Nombre de persona |
Z 2495-1998 |
| -- |
84-8324-044-0 |
| -- |
SpMaBN |
| Numeración |
BNALCALA |
| Calificador de atribución |
AHM/399903 |
| Títulos y otros términos asociados al nombre |
SG_PETANTI |
| 980 ## - EQUIVALENCIA O REFERENCIA-CRUZADA-MENCIÓN DE SERIE--NOMBRE DE PERSONA/TÍTULO [LOCAL, CANADÁ] |
| Nombre de persona |
Z 2495-1998 |
| -- |
SpMaBN |
| Numeración |
BNALCALA |
| Calificador de atribución |
DL/907639 |
| Títulos y otros términos asociados al nombre |
CONSERVACI |